000 00467nam a2200181Ia 4500
008 230711s9999||||xx |||||||||||||| ||und||
020 _a978-93-81595-72-5
041 _aENG
082 _a615.1
_bSA-P
100 _aSakarkar,D.M
245 2 _aA Textbook of Principles and Fundamentals in Pharmacology Volume-I
250 _a2nd Ed.
260 _c2016
_aPune
_bNirali Prakashan
300 _a28.12p.
650 _aPharmacy
700 _aTembhurne,S.V
942 _cBK
999 _c7308
_d7308